The financial marketplace
Saved in:
| Main Authors: | , |
|---|---|
| Format: | Bog |
| Sprog: | engelsk |
| Udgivet: |
Reading
Addison-Wesley
1986
|
| Udgivelse: | 2a. ed |
| Fag: | |
| Tags: |
Tilføj Tag
Ingen Tags, Vær først til at tagge denne postø!
|
MARC
| LEADER | 00000nam a2200000 a 4500 | ||
|---|---|---|---|
| 001 | UCT7518 | ||
| 003 | CL-VaPUC | ||
| 008 | 970123e19860000US |||||||||||||||||eng|d | ||
| 082 | 0 | 4 | |a 332.1 |b COO |2 21 |
| 100 | 0 | |a Cooper, S. Kerry |e author |9 378520 | |
| 700 | 0 | |a Fraser, Donald R |e author |9 378521 | |
| 245 | 1 | 4 | |a The financial marketplace |
| 250 | |a 2a. ed | ||
| 300 | |a 790 p | ||
| 942 | |c BK | ||
| 945 | |d 19970123 00:00:00 |a rbrito | ||
| 260 | |a Reading |b Addison-Wesley |c 1986 | ||
| 650 | 0 | |a Finanzas |9 260832 | |
| 650 | 0 | |a Economía |9 255568 | |
| 650 | 0 | |a Sistema financiero |9 337931 | |
| 650 | 0 | |a Historia |9 255047 | |
| 650 | 0 | |a Bancos |9 254963 | |
| 650 | 7 | |a MERCADO FINANCIERO |2 CL-VaPUC |9 320731 | |
| 650 | 0 | |a Dinero |9 314331 | |
| 650 | 0 | |a Valores económicos |9 378522 | |
| 650 | 0 | |a Inflación |9 257218 | |
| 650 | 7 | |a INSTITUCIONES FINANCIERAS |2 CL-VaPUC |9 257940 | |
| 650 | 0 | |a Industrias |9 263688 | |
| 650 | 0 | |a Operaciones financieras |9 378395 | |
| 650 | 0 | |a Capital |9 263726 | |
| 650 | 0 | |a Política económica |9 255029 | |
| 583 | |a last modification |c 20130419 10:02:41 |k Rodrigo Vera | ||
| 999 | |c 256123 |d 256121 | ||
| 952 | |0 0 |1 0 |4 0 |6 332_100000000000000_COO_1986 |7 0 |8 P |9 278695 |a BIBGIM |b BIBGIM |d 2019-11-19 |i 3277534 |o 332.1 COO 1986 |p 3277534 |r 2025-01-15 |w 2019-11-19 |y BK |k COM | ||